<?xml version="1.0" encoding="UTF-8"?>
<marc:record xmlns:marc="http://www.loc.gov/MARC21/slim">
   <marc:leader>00000nam a2200000 a 4500</marc:leader>
   <marc:datafield ind1="1" ind2=" " tag="100">
      <marc:subfield code="a">Garibal Alexandra</marc:subfield>
      <marc:subfield code="4">aut</marc:subfield>
      <marc:subfield code="e">Verfasser/-in</marc:subfield>
   </marc:datafield>
   <marc:datafield ind1=" " ind2=" " tag="653">
      <marc:subfield code="a">Mama</marc:subfield>
   </marc:datafield>
   <marc:datafield ind1=" " ind2=" " tag="653">
      <marc:subfield code="a">Liebe</marc:subfield>
   </marc:datafield>
   <marc:datafield ind1=" " ind2=" " tag="653">
      <marc:subfield code="a">Tiere</marc:subfield>
   </marc:datafield>
   <marc:datafield ind1="0" ind2="0" tag="245">
      <marc:subfield code="a">Ich hab dich lieb....</marc:subfield>
   </marc:datafield>
   <marc:datafield ind1="0" ind2="0" tag="245">
      <marc:subfield code="b">ein bisschen sehr und noch viel mehr</marc:subfield>
   </marc:datafield>
   <marc:datafield ind1="0" ind2="0" tag="245">
      <marc:subfield code="c">Garibal Alexandra</marc:subfield>
   </marc:datafield>
   <marc:datafield ind1="1" ind2=" " tag="520">
      <marc:subfield code="a">Wie lieb hast du mich?&#xD;
Wie lieb hat Mama die kleine Maus? Ein bisschen? Sehr? Noch viel mehr? Ein wunderbares Buch mit eingängigem Text über das Liebhaben für die Kleinen.&#xD;
Stimmungsvolle Bilder laden auf jeder Seite zum Staunen ein. Der liebevolle Text fördert die Sprachentwicklung des Kindes.&#xD;
Mama hat die die kleine Maus so lieb! Bis zum Himmel, bis in die Tiefen des Meeres und ja, sogar bis ins weite Weltall!&#xD;
Diese warmherzige und liebevoll erzählte „Ich-hab-dich-lieb"-Geschichte zeigt zahlreiche innige Szenen zwischen Mama und der kleinen Maus.&#xD;
Die farbenfrohen Bildern laden kleine und große Leser zum Vorlesen und Kuscheln ein.</marc:subfield>
   </marc:datafield>
   <marc:datafield ind1=" " ind2=" " tag="020">
      <marc:subfield code="a">9783473420964</marc:subfield>
      <marc:subfield code="9">9783473420964</marc:subfield>
   </marc:datafield>
   <marc:datafield ind1=" " ind2=" " tag="338">
      <marc:subfield code="a">Band</marc:subfield>
   </marc:datafield>
   <marc:datafield ind1=" " ind2=" " tag="300">
      <marc:subfield code="a">28 ungezählte Seiten</marc:subfield>
   </marc:datafield>
</marc:record>
